01003nam a22002777a 45000010005000000030006000050050017000110080041000280200018000690400029000870500018001160820011001341000020001452450045001652500047002102600038002573000049002955050008003445200233003525210020005855210020006056500027006256500020006526500019006727000034006919822FISKH20260227150919.0260227b cb ||||| |||| 00| 0 eng d a9780439862035 aFISKHbengcFISKHdFISKH aPZ7 .C8615 .R a813.54 aGreech , Sharon aReplay :ba new book /cby Sharon Greech aThis edition first printing , January 2007 aNew York : bScholastic ,c2005 . a180 , 31 pages : billustrations ;c19 cm .  aR  aWhile preparing for a role in the school play, twelve-year-old Leo finds an autobiography that his father wrote as a teenager and ponders the ways people change as they grow up. Includes the text for the play, "Rumpopo's Porch."8 a780 bLexile 8 aR bRaz-Plus  aSharon CreechvFiction aDrama vFiction aPlaysvFiction aMikles , AliciaeTypographer